[Event "48th Rilton Cup 2018"]
[Site "Stockholm"]
[Date "2018.12.28"]
[Round "2"]
[White "Schmidek, Emil"]
[Black "Kulaots, Kaido"]
[Result "0-1"]
[WhiteElo "2382"]
[BlackElo "2555"]
[Annotator "TA"]
[PlyCount "188"]
[EventDate "2018.12.27"]
[EventType "swiss"]
[EventCountry "SWE"]
[SourceTitle "playchess.com"]
[Source "ChessBase"]
[SourceQuality "1"]

{[%evp 21,188,-14,-10,-14,0,-6,0,0,0,0,0,-32,-26,-118,-119,-130,-133,-134,-127,-130,-135,-142,-139,-131,-102,-127,-117,-112,-114,-117,-89,-114,-114,-114,-110,-114,-105,-138,-138,-138,-137,-147,-146,-136,-132,-170,-84,-108,-81,-97,-33,-43,-8,-8,0,-35,-40,-67,-62,-93,-85,-117,-98,-101,-105,-153,-77,-174,-177,-281,-281,-281,-281,-281,-281,-281,-267,-1185,-1212,-1154,-1126,-1145,-1122,-1017,-1012,-921,-921,-785,-760,-758,-747,-712,0,-647,0,-688,-679,-572,-181,-181,-181,-181,-181,-181,-181,-181,-183,-170,-149,-149,-149,-149,-149,-183,0,-183,-183,-205,-205,-205,-197,-197,-149,-149,-149,-29936,-12824,-12840,-149,-12848,-29949,-29938,-29950,-29960,-29964,-29962,-29965,-29964,-29964,-29965,-29965,-29966,-29965,-29966,-29965,-29964,-29964,-29957,-5320,-435,-435,-29974,-29975,-29976,-29977,-29976,-29978,-29978,-29979,-29979,-29980,-29980,-29980,-29982,-29983,-29984,-29985,-29985,-29986]} 1. e4 c6 2. d4 d5 3. e5 Bf5 4. Nf3 e6 5. Be2 Ne7 6. O-O c5 7. Be3 {B12: Caro-Kann: Advance Variation} (7. c4 Nbc6 8. dxc5 dxc4 9. Na3 Nd5 10. Nxc4 Bxc5 11. Bg5 Qd7 12. a3 O-O 13. b4 Bb6 14. Rc1 h6 15. Be3 Rfd8 16. Bxb6 Nxb6 17. Qxd7 Rxd7 {1-0 (67) Vachier Lagrave,M (2779)-Mamedyarov,S (2801) Saint Louis 2018}) 7... Nec6 8. c4 cxd4 9. Nxd4 Nxd4 10. Bxd4 Nc6 11. Qa4 dxc4 {LiveBook: 5 Games} 12. Bf3 Qd7 13. Bxc6 $1 Qxc6 14. Qxc6+ bxc6 15. Rc1 $146 Be7 16. Be3 O-O-O 17. Nd2 {[#]} (17. Bxa7 $11 {keeps the balance.} Rd5 18. Nc3) 17... c3 $1 $36 {[%cal Rc3b2][%mdl 2560] Black is on the roll.} 18. bxc3 Ba3 19. Nc4 Bxc1 20. Rxc1 Rd5 21. Bxa7 Kb7 22. Be3 c5 23. Nd6+ Kc6 24. c4 Rd3 ({But not} 24... Rxe5 $6 25. Nxf7 Rxe3 26. Nxh8 $11) 25. Nxf7 Ra8 26. h4 Rxa2 27. Kh2 Rb3 28. Rd1 Rc2 29. Rd6+ Kc7 30. Bxc5 Rxc4 31. Be3 Rxh4+ 32. Kg3 Rg4+ 33. Kf3 Re4 (33... h5 $19 {is more deadly. And now ...Be4+ would win.} 34. g3 Be4+ 35. Ke2 Rb2+ 36. Rd2 Rxd2+ 37. Bxd2 h4 38. gxh4 Rxh4) 34. Ra6 Reb4 35. Nd6 g5 (35... Bd3 $17 36. Ra1 Kc6 37. Rc1+ Kd7) 36. Ra7+ $15 Kc6 37. Ra6+ Kc7 {Strongly threatening ...Bg4+.} 38. Ra7+ Kb8 39. Rg7 h6 40. Rg8+ Kc7 41. Rf8 Kc6 42. Rc8+ Kd7 43. Rf8 h5 (43... Bg4+ $142 44. Kg3 Be2) 44. Rg8 (44. Rf7+ $17 Kc6 45. Nxf5 Rf4+ {[%mdl 64] Pin} 46. Ke2 Rb2+ 47. Kf1 Rxf5 48. Rxf5 exf5 49. Bxg5) 44... Rg4 $19 45. g3 (45. Ne8 {was worth a try.}) 45... Ra4 $1 46. Rxg5 Bg4+ $1 47. Kg2 Ra2 $1 48. Rg7+ Kc6 49. Bf4 $2 (49. Ra7 Bf3+ 50. Kh3 Rxa7 51. Bxa7) 49... Ra1 50. Be3 Rbb1 $1 {[%cal Rb1g1] ( -> ...Rg1+)} 51. f3 Rb2+ 52. Bf2 Raa2 53. Ne4 Bf5 54. Rf7 Rc2 55. Rf8 Re2 56. Rf6 Rec2 57. Rf8 $1 Re2 58. Rf6 Bxe4 59. fxe4 Rxe4 $2 (59... Kb5 {aiming for ...Kc4.} 60. Kg1 Kc4) 60. Rxe6+ {[%mdl 4096] Endgame KRR-KRB} Kd5 61. Re8 Rxe5 62. Rd8+ Ke6 {...Rf5 is the strong threat.} 63. Re8+ Kf6 64. Rf8+ Kg6 65. Kh3 Rc2 66. Rf4 Kg5 67. Rf8 Kg6 68. Rf4 $1 Ree2 69. Kg2 Red2 70. Rf8 Rd5 {Threatens to win with ...Rf5.} 71. Kh3 Rf5 72. Rxf5 Kxf5 $17 {KR-KB} 73. Ba7 $2 {[%mdl 8192]} (73. Bd4 $17) 73... Rc1 $1 {[%cal Rc1h1]} 74. Bb8 Rh1+ $1 75. Kg2 {[#]} Rb1 $1 {[%cal Rb1b8]} 76. Bd6 Kg4 77. Bc7 Rb2+ 78. Kg1 Kh3 79. Bd6 Rg2+ 80. Kf1 Rd2 81. Bc7 Rd7 82. Bb8 Rd5 83. Kg1 Rg5 84. Kf2 {[#]} Rg4 $1 {[%cal Rg4a4]} 85. Bc7 Kh2 86. Be5 (86. Bf4 $19) 86... Rg5 {Black mates.} 87. Bc7 Rf5+ 88. Ke2 Kg2 89. Bb8 Rf8 90. Bc7 Re8+ 91. Kd3 Kf2 92. Kd2 Rg8 93. Bb6+ Kxg3 94. Ke2 Kg2 {Accuracy: White = 55%, Black = 66%.} 0-1

[Event "48th Rilton Cup 2018"]
[Site "Stockholm"]
[Date "2018.12.28"]
[Round "2"]
[White "Schekachikhin, Maksim"]
[Black "Yeoh, Li Tian"]
[Result "0-1"]
[WhiteElo "2368"]
[BlackElo "2508"]
[Annotator "ChessBase"]
[PlyCount "78"]
[EventDate "2018.12.27"]
[EventType "swiss"]
[EventCountry "SWE"]
[SourceTitle "playchess.com"]
[Source "ChessBase"]
[SourceQuality "1"]
[TimeControl "40/5400+30:1800+30"]

1. d4 {[%emt 0:00:00]} Nf6 {[%emt 0:00:00]} 2. c4 {[%emt 0:00:08]} c5 {[%emt 0:00:00]} 3. d5 {[%emt 0:00:06]} e6 {[%emt 0:00:00]} 4. Nc3 {[%emt 0:00:06]} exd5 {[%emt 0:00:05]} 5. cxd5 {[%emt 0:00:04]} d6 {[%emt 0:00:09]} 6. Nf3 {[%emt 0:00:06]} g6 {[%emt 0:00:08]} 7. Nd2 {[%emt 0:00:04]} Bg7 {[%emt 0:00:11]} 8. e4 {[%emt 0:00:06]} O-O {[%emt 0:00:28]} 9. Be2 {[%emt 0:00:26]} Re8 {[%emt 0:00:08]} 10. O-O {[%emt 0:00:09]} Nbd7 {[%emt 0:00:17]} 11. a4 {[%emt 0:00:42]} a6 {[%emt 0:02:39]} 12. Ra3 {[%emt 0:00:56]} Rb8 {[%emt 0:05:54]} 13. a5 {[%emt 0:00:43]} Ne5 {[%emt 0:08:48]} 14. Qc2 {[%emt 0:11:08]} g5 {[%emt 0:15:58]} 15. Nd1 {[%emt 0:10:52]} Ng6 {[%emt 0:09:40]} 16. Ne3 {[%emt 0:02:47]} Nf4 {[%emt 0:11:13]} 17. Bd1 {[%emt 0:01:38]} h5 {[%emt 0:11:23]} 18. f3 {[%emt 0:08:25]} Nd7 {[%emt 0:14:33]} 19. Nf5 {[%emt 0:11:08]} Bd4+ {[%emt 0:00:41]} 20. Kh1 {[%emt 0:02:17]} Ne5 {[%emt 0:00:29]} 21. g3 {[%emt 0:07:26]} Nh3 {[%emt 0:05:04]} 22. Kg2 {[%emt 0:12:54]} g4 {[%emt 0:00:08]} 23. Nxd4 {[%emt 0:07:59]} cxd4 {[%emt 0:00:11]} 24. f4 {[%emt 0:00:03]} Ng6 {[%emt 0:00:21]} 25. Qd3 {[%emt 0:01:39]} Bd7 {[%emt 0:07:52]} 26. Ba4 {[%emt 0:05:47]} Rc8 {[%emt 0:04:56]} 27. Nc4 {[%emt 0:07:34]} Rxc4 {[%emt 0:01:06]} 28. Qxc4 {[%emt 0:00:05]} Rxe4 {[%emt 0:00:05]} 29. Bxd7 Qxd7 {[%emt 0:00:08]} 30. Kh1 {[%emt 0:07:24]} Qe8 {[%emt 0:00:52]} 31. Bd2 {[%emt 0:02:13]} h4 {[%emt 0:01:30]} 32. Qd3 {[%emt 0:00:29]} Re2 {[%emt 0:00:29]} 33. Qxd4 {[%emt 0:00:14]} Rxh2+ {[%emt 0:00:31]} 34. Kxh2 {[%emt 0:00:28]} Qe2+ {[%emt 0:00:03]} 35. Rf2 {[%emt 0:00:42]} Nxf2 {[%emt 0:00:04]} 36. Re3 {[%emt 0:00:40]} Qf1 {[%emt 0:01:22]} 37. Re8+ Kh7 {[%emt 0:00:00]} 38. Re1 {[%emt 0:00:00]} Qh3+ {[%emt 0:00:00]} 39. Kg1 {[%emt 0:00:00]} hxg3 {[%emt 0:00:00]} 0-1

[Event "48th Rilton Cup 2018"]
[Site "Stockholm"]
[Date "2018.12.28"]
[Round "2"]
[White "Seo, Jung Min"]
[Black "Hillarp Persson, Tiger"]
[Result "0-1"]
[WhiteElo "2364"]
[BlackElo "2546"]
[Annotator "TA"]
[PlyCount "92"]
[EventDate "2018.12.27"]
[EventType "swiss"]
[EventCountry "SWE"]
[SourceTitle "playchess.com"]
[Source "ChessBase"]
[SourceQuality "1"]

{[%evp 15,92,33,37,1,20,0,13,8,21,0,1,0,0,0,22,-9,-9,-10,-15,-19,-21,-19,-9,-27,-22,-25,-11,-40,-25,-28,-25,-38,-30,-33,-26,-29,-25,-36,-29,-32,-17,-17,-19,-26,-11,-16,-14,-26,-26,-27,-11,-18,-22,-51,-31,-177,-166,-165,-142,-177,-95,-100,-83,-184,-175,-250,-70,-62,-58,-106,-102,-235,-250,-246,-227,-209,-139,-793,-834]} 1. e4 c5 2. Nf3 e6 3. d4 cxd4 4. Nxd4 a6 5. Bd3 g6 6. Nc3 Bg7 {B42: Sicilian: Kan Variation: 5 Bd3} 7. Nf3 (7. Be3 Ne7 8. Qd2 d5 9. exd5 Nxd5 10. Nxd5 Qxd5 11. c4 Qe5 12. O-O-O O-O 13. h4 b5 14. Nf3 Qc7 15. Bh6 Bxh6 16. Qxh6 bxc4 {1-0 (31) Oparin,G (2621)-Kamsky,G (2648) Novi Sad 2016}) 7... Nc6 8. O-O Nge7 {LiveBook: 3 Games. White is slightly better.} 9. Qe2 Qc7 10. Re1 d6 11. Be3 $146 ({Predecessor:} 11. Bf4 O-O 12. Rad1 b5 13. Qe3 Rd8 14. Bf1 {0-1 (30) Moskwinski,T (2236)-Lewandowski,R (2164) Warsaw 2010}) 11... O-O 12. Rad1 b5 13. Qd2 Bb7 14. Bh6 Rad8 15. Qf4 Ne5 16. Nxe5 dxe5 17. Qe3 Bxh6 18. Qxh6 Nc6 {[%cal Be7c6,Bc6a5,Ba5c4][%mdl 32]} 19. Qc1 Kg7 20. a3 Rd7 21. Ne2 Rfd8 22. Qe3 Na5 23. h3 h6 24. Kh1 Nc4 25. Qc1 Nb6 26. Nc3 Qc5 27. f3 Rd4 28. Qe3 Qc7 29. Ne2 R4d7 30. Nc3 Rd6 31. Kh2 Rd4 32. Kh1 Nd7 33. Ne2 Rd6 34. c3 Qb6 35. Qxb6 (35. Qc1 $15) 35... Nxb6 $19 36. Nc1 Na4 $36 {[%mdl 2048] Black is in control.} 37. Re2 Nc5 (37... f5 $19 38. exf5 gxf5) 38. Re3 $17 f5 39. b4 (39. exf5 $17 {was necessary.} gxf5 40. b4) 39... Na4 $19 {...Nb2 is the strong threat.} 40. exf5 {[#]} (40. Rf1 $142) 40... gxf5 $2 ({Weaker is} 40... exf5 41. Rde1 $15) ({Black should try} 40... Nb2 $1 $19 {[%cal Rb2d1]} 41. Rde1 Rxd3 42. Nxd3 Nxd3 43. Rxd3 Rxd3 44. Rxe5 Kf6 45. Rxe6+ Kxf5) 41. Rde1 $15 Nxc3 42. Rxe5 {[#]} Kf6 $1 ({Stronger than} 42... Rxd3 43. Nxd3 Rxd3 44. Rxe6 $16) 43. R5e3 (43. Kh2 $17 {was called for.}) 43... Nd5 $19 44. Re5 Nf4 45. Bf1 Rd1 {Hoping for ...Be4.} 46. Nb3 $2 {[%mdl 8192]} (46. R5e3 $17) 46... Be4 $1 {Accuracy: White = 31%, Black = 50%.} 0-1

[Event "48th Rilton Cup 2018"]
[Site "Stockholm"]
[Date "2018.12.29"]
[Round "3"]
[White "Kobalia, Mikhail"]
[Black "Lalith Babu M R"]
[Result "1/2-1/2"]
[WhiteElo "2620"]
[BlackElo "2529"]
[Annotator "ChessBase"]
[PlyCount "68"]
[EventDate "2018.12.27"]
[EventType "swiss"]
[EventCountry "SWE"]
[SourceTitle "playchess.com"]
[Source "ChessBase"]
[SourceQuality "1"]
[TimeControl "40/5400+30:1800+30"]

1. e4 {[%emt 0:00:00]} e5 {[%emt 0:00:00]} 2. Nf3 {[%emt 0:00:00]} Nc6 {[%emt 0:00:00]} 3. Bb5 {[%emt 0:00:00]} a6 {[%emt 0:00:00]} 4. Ba4 {[%emt 0:00:00]} Nf6 {[%emt 0:00:00]} 5. O-O {[%emt 0:00:00]} Nxe4 {[%emt 0:00:09]} 6. d4 {[%emt 0:00:07]} b5 {[%emt 0:00:09]} 7. Bb3 {[%emt 0:00:05]} d5 {[%emt 0:00:05]} 8. dxe5 {[%emt 0:00:04]} Be6 {[%emt 0:00:07]} 9. Nbd2 {[%emt 0:00:14]} Be7 {[%emt 0:01:06]} 10. c3 {[%emt 0:00:32]} O-O {[%emt 0:00:15]} 11. Re1 {[%emt 0:05:33]} Nc5 {[%emt 0:01:37]} 12. Nd4 {[%emt 0:01:08]} Nxd4 {[%emt 0:00:34]} 13. cxd4 {[%emt 0:00:04]} Nd3 {[%emt 0:00:18]} 14. Re3 {[%emt 0:00:05]} Nf4 {[%emt 0:00:04]} 15. Nf3 {[%emt 0:07:54]} Bg4 {[%emt 0:05:38]} 16. h3 {[%emt 0:02:08]} Bh5 {[%emt 0:04:21]} 17. Rc3 {[%emt 0:01:29]} Ne6 {[%emt 0:01:50]} 18. Be3 {[%emt 0:02:23]} a5 {[%emt 0:17:19]} 19. g4 {[%emt 0:20:25]} Bg6 {[%emt 0:00:44]} 20. Bc2 {[%emt 0:00:46]} Bb4 {[%emt 0:06:22]} 21. Rb3 {[%emt 0:01:06]} f5 {[%emt 0:01:02]} 22. exf6 {[%emt 0:01:59]} Bxc2 {[%emt 0:00:15]} 23. Qxc2 {[%emt 0:00:06]} Qxf6 {[%emt 0:00:19]} 24. Ne5 {[%emt 0:03:24]} c5 {[%emt 0:00:48]} 25. Nd7 {[%emt 0:04:04]} Qf7 {[%emt 0:00:25]} 26. Nxf8 {[%emt 0:01:12]} Rxf8 {[%emt 0:00:10]} 27. a3 {[%emt 0:10:20]} c4 {[%emt 0:11:09]} 28. axb4 {[%emt 0:00:08]} cxb3 {[%emt 0:00:04]} 29. Qc6 {[%emt 0:19:05]} Ng5 {[%emt 0:17:44]} 30. Bxg5 {[%emt 0:00:44]} Qxf2+ {[%emt 0:00:05]} 31. Kh1 {[%emt 0:00:03]} Qf3+ {[%emt 0:00:09]} 32. Kh2 {[%emt 0:00:06]} Qe2+ {[%emt 0:00:15]} 33. Kg1 {[%emt 0:01:01]} Qf2+ {[%emt 0:00:29]} 34. Kh1 {[%emt 0:00:04]} Qf3+ 1/2-1/2

[Event "48th Rilton Cup 2018"]
[Site "Stockholm"]
[Date "2018.12.29"]
[Round "3"]
[White "Donchenko, Alexander"]
[Black "Limanovska, Elizabete"]
[Result "1-0"]
[WhiteElo "2604"]
[BlackElo "2071"]
[Annotator "ChessBase"]
[PlyCount "81"]
[EventDate "2018.12.27"]
[EventType "swiss"]
[EventCountry "SWE"]
[SourceTitle "playchess.com"]
[Source "ChessBase"]
[SourceQuality "1"]
[TimeControl "40/5400+30:1800+30"]

1. e4 {[%emt 0:00:00]} c5 {[%emt 0:00:07]} 2. Nf3 {[%emt 0:00:00]} d6 {[%emt 0:00:07]} 3. d4 {[%emt 0:00:00]} cxd4 {[%emt 0:00:07]} 4. Nxd4 {[%emt 0:00:00]} Nf6 {[%emt 0:00:09]} 5. Nc3 {[%emt 0:00:05]} a6 {[%emt 0:00:13]} 6. Be2 {[%emt 0:00:13]} e5 {[%emt 0:02:59]} 7. Nf3 {[%emt 0:00:16]} h6 {[%emt 0:05:14]} 8. Nd2 {[%emt 0:00:31]} Nc6 {[%emt 0:04:47]} 9. Nc4 {[%emt 0:14:42]} Nd4 {[%emt 0:09:37]} 10. a4 {[%emt 0:05:32]} Be6 {[%emt 0:02:49]} 11. a5 {[%emt 0:06:03]} Nxe2 {[%emt 0:06:12]} 12. Qxe2 {[%emt 0:00:31]} Bxc4 {[%emt 0:00:32]} 13. Qxc4 {[%emt 0:00:07]} Rc8 {[%emt 0:00:04]} 14. Qd3 {[%emt 0:02:33]} Qc7 {[%emt 0:10:29]} 15. O-O {[%emt 0:00:47]} Be7 {[%emt 0:09:11]} 16. Qg3 {[%emt 0:02:02]} g5 {[%emt 0:01:04]} 17. Bd2 {[%emt 0:08:01]} Qd7 {[%emt 0:14:22]} 18. Rfe1 {[%emt 0:10:30]} Nh5 {[%emt 0:01:15]} 19. Qd3 {[%emt 0:01:46]} Nf4 {[%emt 0:02:20]} 20. Bxf4 {[%emt 0:01:03]} gxf4 {[%emt 0:01:41]} 21. Nd5 {[%emt 0:01:37]} Bd8 {[%emt 0:02:38]} 22. c4 {[%emt 0:06:11]} Rg8 {[%emt 0:01:56]} 23. f3 {[%emt 0:01:35]} h5 {[%emt 0:10:42]} 24. b4 {[%emt 0:04:04]} h4 {[%emt 0:01:24]} 25. Kh1 {[%emt 0:00:46]} h3 {[%emt 0:02:21]} 26. Rg1 {[%emt 0:00:42]} hxg2+ {[%emt 0:01:55]} 27. Rxg2 {[%emt 0:00:03]} Rxg2 {[%emt 0:00:07]} 28. Kxg2 {[%emt 0:00:07]} Qe6 {[%emt 0:00:29]} 29. Rg1 {[%emt 0:02:42]} Qh6 {[%emt 0:01:40]} 30. Kh1 {[%emt 0:01:05]} Qh8 {[%emt 0:03:06]} 31. Qb3 {[%emt 0:07:27]} Bh4 {[%emt 0:01:54]} 32. Rg4 {[%emt 0:02:33]} Kf8 {[%emt 0:01:32]} 33. Kg2 {[%emt 0:00:20]} Re8 {[%emt 0:00:35]} 34. Qc3 {[%emt 0:04:34]} Qh5 {[%emt 0:01:04]} 35. c5 {[%emt 0:01:00]} Rc8 {[%emt 0:01:04]} 36. Nb6 {[%emt 0:03:39]} Rc6 {[%emt 0:00:24]} 37. Qd3 {[%emt 0:01:55]} Qh6 {[%emt 0:01:36]} 38. Qd5 {[%emt 0:00:53]} Bd8 {[%emt 0:00:38]} 39. Nd7+ {[%emt 0:05:32]} Ke7 {[%emt 0:00:05]} 40. Nb8 {[%emt 0:00:04]} Rc7 {[%emt 0:00:14]} 41. Rg8 {[%emt 0:30:05]} 1-0

[Event "48th Rilton Cup 2018"]
[Site "Stockholm"]
[Date "2018.12.29"]
[Round "3"]
[White "Liang, Awonder"]
[Black "Santos Ruiz, Miguel"]
[Result "0-1"]
[WhiteElo "2589"]
[BlackElo "2523"]
[Annotator "TA"]
[PlyCount "162"]
[EventDate "2018.12.27"]
[EventType "swiss"]
[EventCountry "SWE"]
[SourceTitle "playchess.com"]
[Source "ChessBase"]
[SourceQuality "1"]

{[%evp 30,162,16,11,69,33,35,27,40,14,27,14,20,27,27,27,87,73,85,85,73,89,115,56,55,61,65,60,61,37,77,69,78,71,138,75,99,89,89,89,89,89,105,98,459,-239,-233,-233,-242,-214,-158,-158,-158,-247,-287,-281,-214,-214,-191,-192,-192,-214,-200,-200,-200,-200,-200,-200,-200,-630,-885,-1158,-1127,-1289,-1126,-1179,-1348,-1288,-193,-1264,-1229,-1200,-1250,-400,-1343,-612,-579,-440,-1346,-1196,-1434,-1436,-1791,-1621,-1847,-1840,-1618,-1904,-1826,-1597,-1719,-2083,-2003,-2478,-2152,-619,-2043,-654,-1465,-1607,-2044,-2044,-2036,-1935,-1993,-1985,-1768,-1716,-1703,-1529,-1632,-1522,-1262,-29968,-29969,-29969,-29970,-29970,-29971,-29971,-29971,-29966,-29967,-29966,-29967]} 1. e4 e5 2. Nf3 Nc6 3. Bb5 a6 4. Ba4 Nf6 5. O-O Nxe4 6. d4 b5 7. Bb3 d5 8. dxe5 Be6 9. Nbd2 {[%cal Bb1d2,Bd2b3,Bb3d4,Bd4e2,Be2f4][%mdl 32]} Be7 10. c3 O-O 11. Bc2 f5 12. Nb3 Qd7 13. Nfd4 Nxd4 14. Nxd4 c5 15. Ne2 {C83: Open Ruy Lopez: 9 c3 Be7} Rad8 16. Nf4 {[#] LiveBook: 6 Games} a5 $146 (16... d4 $11) ({Predecessor:} 16... d4 17. Nxe6 Qxe6 18. cxd4 Kh8 19. Qe2 Rxd4 20. f3 Ng5 21. f4 Ne4 22. Be3 Rd7 {1-0 (79) Leko,P (2691)-Vidit,S (2715) Riadh 2017}) 17. Qe2 {White is slightly better.} c4 18. Be3 Qc6 19. Rad1 Bc8 20. Rfe1 Ng5 21. Qh5 g6 22. Qh6 Nf7 (22... Rf7 $1 $11) 23. Qh3 $16 Ng5 24. Qg3 $1 $36 {[%mdl 2048] White is in control.} Ne4 25. Bxe4 $1 dxe4 26. h4 (26. e6 $1 $16 Bxe6 27. Nxg6 $1 {[%mdl 512]} hxg6 28. Rxd8 Rxd8 29. Qxg6+ Kh8 30. Qh6+ Kg8 31. Qg6+ Kh8 32. Qh5+ Kg8 33. Qg6+) 26... Rxd1 $1 $14 27. Rxd1 {e6! is the strong threat.} Rd8 28. Rxd8+ Bxd8 29. Nh5 Kf7 {[#]} 30. Nf6 $1 {[%mdl 512]} h5 (30... Bxf6 31. exf6) 31. Bd4 Be7 {[#]} ({Black should play} 31... a4) 32. Qe3 (32. Qf4 $142 $1) 32... Bf8 33. Nh7 Be7 34. Qh6 {Strongly threatening Nf6.} Qe8 35. e6+ Kxe6 36. Qg7 Bd7 $2 {[%mdl 8192]} (36... e3 $16 {is tougher.}) 37. Nf6 $4 {[%mdl 8192]} (37. Qe5+ $18 {and life is good for White.} Kf7 38. Nf6) 37... Qf8 $19 38. Qxf8 Bxf8 {[%mdl 4096] Endgame KBB-KBN} 39. Nh7 Be7 40. Ng5+ Kd5 41. Bb6 (41. Nh3 $17) 41... a4 42. a3 Bd6 43. Kf1 f4 44. Ke2 Bg4+ 45. f3 exf3+ 46. gxf3 Bf5 47. Nf7 Be7 48. Ng5 Bd3+ 49. Kf2 $2 (49. Ke1) 49... Bxg5 50. hxg5 {KB-KB} Ke6 51. Bd8 Kf5 52. Be7 Bc2 53. Bd8 Bd1 $2 (53... h4 54. Kg2 Bd1) 54. Be7 $2 (54. Kg2) 54... h4 55. Kg2 Be2 56. Bd8 {[#]} h3+ $1 {[%mdl 576] Deflection} 57. Kxh3 Bxf3 58. Kh2 Bc6 (58... Bb7 $142 59. Kg1 f3) 59. Kg1 Ke4 60. Bc7 f3 61. Kf2 Kd3 62. Bd6 Kc2 63. Bb4 Kxb2 64. Ke3 Kc2 65. Kf2 Kd3 66. Ba5 Ke4 67. Bb4 Kf4 (67... Bd5 $142 68. Kf1 Kf5) 68. Be7 Bb7 (68... Bd5 $142 69. Kf1 Ke3) 69. Kf1 Be4 70. Kf2 Bc2 71. Bd6+ Kg4 72. Bc5 Bd1 73. Be7 Be2 74. Bf6 Kf4 75. Be7 Bd1 76. Bd8 {[#]} b4 $1 {Black mates.} 77. cxb4 (77. axb4 a3) 77... c3 {[%cal Bc4c3,Bc3c2][%mdl 32]} 78. Bf6 c2 79. Bb2 Be2 80. Bc1+ Ke4 81. Kg3 Bb5 {Accuracy: White = 50%, Black = 57%.} 0-1

[Event "48th Rilton Cup 2018"]
[Site "Stockholm"]
[Date "2018.12.29"]
[Round "3"]
[White "Volkov, Sergey"]
[Black "Thybo, Jesper Sondergaard"]
[Result "1/2-1/2"]
[WhiteElo "2583"]
[BlackElo "2519"]
[Annotator "ChessBase"]
[PlyCount "61"]
[EventDate "2018.12.27"]
[EventType "swiss"]
[EventCountry "SWE"]
[SourceTitle "playchess.com"]
[Source "ChessBase"]
[SourceQuality "1"]
[TimeControl "40/5400+30:1800+30"]

1. d4 {[%emt 0:00:00]} Nf6 {[%emt 0:00:00]} 2. c4 {[%emt 0:00:00]} e6 {[%emt 0:00:00]} 3. Nc3 {[%emt 0:00:00]} Bb4 {[%emt 0:00:00]} 4. f3 {[%emt 0:00:10]} d5 {[%emt 0:00:29]} 5. a3 {[%emt 0:00:08]} Bxc3+ {[%emt 0:00:08]} 6. bxc3 {[%emt 0:00:06]} c5 {[%emt 0:00:04]} 7. cxd5 {[%emt 0:00:10]} Nxd5 {[%emt 0:00:06]} 8. dxc5 {[%emt 0:00:14]} Qa5 {[%emt 0:00:25]} 9. e4 {[%emt 0:00:07]} Ne7 {[%emt 0:00:05]} 10. Be3 {[%emt 0:00:19]} O-O {[%emt 0:00:24]} 11. Qb3 {[%emt 0:00:18]} Qc7 {[%emt 0:00:18]} 12. Bb5 {[%emt 0:00:19]} Nec6 {[%emt 0:00:50]} 13. Nh3 {[%emt 0:01:48]} Na5 {[%emt 0:16:21]} 14. Qa4 {[%emt 0:11:08]} e5 {[%emt 0:03:46]} 15. Nf2 {[%emt 0:02:48]} a6 {[%emt 0:07:21]} 16. Be2 {[%emt 0:01:11]} b5 {[%emt 0:00:35]} 17. Qc2 {[%emt 0:01:38]} Be6 {[%emt 0:01:06]} 18. Nd3 {[%emt 0:02:38]} Nd7 {[%emt 0:02:24]} 19. O-O {[%emt 0:04:46]} Bb3 {[%emt 0:04:26]} 20. Qb1 {[%emt 0:03:37]} Bc4 {[%emt 0:00:55]} 21. a4 {[%emt 0:02:52]} Nxc5 {[%emt 0:09:46]} 22. axb5 {[%emt 0:07:02]} axb5 {[%emt 0:00:40]} 23. Nxc5 {[%emt 0:09:25]} Bxe2 {[%emt 0:00:27]} 24. Re1 {[%emt 0:02:21]} Bc4 {[%emt 0:00:11]} 25. Rd1 {[%emt 0:00:43]} Rfd8 {[%emt 0:02:36]} 26. Rxd8+ {[%emt 0:06:58]} Qxd8 {[%emt 0:02:19]} 27. Qe1 {[%emt 0:12:47]} Nb3 {[%emt 0:02:40]} 28. Rxa8 {[%emt 0:11:24]} Qxa8 {[%emt 0:00:11]} 29. Nxb3 {[%emt 0:00:10]} Bxb3 {[%emt 0:00:04]} 30. h3 {[%emt 0:00:11]} Qd8 {[%emt 0:04:56]} 31. Qd2 {[%emt 0:01:10]} 1/2-1/2